Heathers the musical - Trivia Quiz - Statistics

General Stats
  • This quiz has been taken 919 times
  • The average score is 5 of 15
Answer Stats
Hint Answer % Correct
What is the full name of JD? Jason Dean
89%
What ist the name of the school in the musical? Westerberg High
71%
What's under the gym? The boiler room
62%
What's the nickname the other students gave Martha? Martha Dumptruck
55%
In which city does "Heathers" take place? Sherwood, Ohio
34%
What is Ms. Flemming's first name? Pauline
31%
What colours do the Heathers and Veronica resemble? Red, Yellow, Green, Blue
26%
What's the name of JD's father? Big Bud Dean
20%
Who originated the role of Veronica in the West End production of Heathers? Carrie Hope Fletcher
20%
What book did Heather Chandler read? The Bell Jar
20%
Which characters die troughout the musical? Heather Chandler, Kurt, Ram and JD
13%
When did Kurt's and Ram's dads have an affair? In the summer of '83
5%
What bridge does Martha do a "cannonball" of? The Mill Creek Bridge
5%
How does Veronica fake her suicide? Hanging in her closet
2%
What does Ms. Flemming reveal in "Shine a light"? having an affair with "Steve"
1%
No matching quizzes found
Score Distribution
Percent of People with Each Score
Percentile by Number Answered
Your Score History
You have not taken this quiz